Statystyki dla Kształty państw na mapie świata #3

Kliknij tutaj aby rozwiązać quiz!

Ogólne statystyki

  • Ten quiz został rozwiązany 16 816 razy
  • Średni wynik to 17 z 20

Odpowiedzi na mapie

Odpowiedzi skodowane kolorowo w zielono-czerwonej skali na mapie do tego quizu, zgodnie z poniższymi procentami.
 

Statystyki odpowiedzi

Państwo% Poprawnych
Brazylia
99%
Australia
98%
Białoruś
98%
Norwegia
98%
Portugalia
98%
Włochy
98%
Irlandia
97%
Chile
96%
Turcja
96%
Kazachstan
95%
Madagaskar
94%
Arabia Saudyjska
91%
Tunezja
80%
Nepal
78%
Kambodża
68%
Senegal
66%
Nikaragua
65%
Tanzania
62%
Namibia
60%
Kamerun
56%

Rozkład punktacji

Percentyl według liczby udzielonych odpowiedzi

Procent ludzi z każdym wynikiem

Twoja historia wyników

Nie rozwiązałeś tego quizu